Questions-réponses sur Montélimar - Statistiques

Statistiques générales
  • Ce quiz a été pris 20 fois
  • Le résultat moyen est 9 sur 18
Statistiques - réponses
Questions Réponses % Correct
Confiserie, spécialité culinaire qui fait la renommée (internationale) de Montélimar depuis le XVIIe siècle. Le nougat
100%
Fleuve qui arrose Montélimar. Le Rhône
95%
Ville de l'ouest de la France dont Louis de France, vainqueur du "Combat de Montélimar" et futur roi éphémère, était le duc, depuis sa naissance. La ville est aujourd'hui connue pour son festival de bandes dessinées. Angoulême
63%
Arbre très présent dans la région de Montélimar dont le fruit oléagineux entre dans la composition de la confiserie précédente (à hauteur de 28%), et ce depuis le XVIIIe siècle. L'amandier
63%
Nom donné aux habitants de Montélimar. Les Montiliens
63%
Province historique de la France d'Ancien régime dans laquelle se trouve Montélimar. Province qui donne son nom à une course cycliste de grande renommée. Le Dauphiné
58%
Matière sucrante qui compte pour 25% de la composition de la confiserie (recette originale) citée plus haut (réponse #5). Le miel
58%
Île italienne d'où proviennent les pistaches qui compte pour 2% de la confiserie citée plus haut (réponse #5). La Sicile
53%
Chef de l'Église catholique dont les terres couvraient Montélimar au XIVe siècle et au début du XVe, jusqu'en 1447. Le Pape
53%
Période de l'histoire de France durant laquelle a eu lieu le "Combat de Montélimar" le 30 mars 1815, période qui s'étend du retour de Bonaparte de l'Île d'Elbe à sa défaite à Waterloo. Les Cent-Jours
53%
Roi de France pour le compte de qui se sont battus les royalistes victorieux du "Combat de Montélimar", évoqué à la question précédente. Louis XVIII
47%
Gendre de la Marquise de Sévigné, soutien de Louis XIV contrairement à sa belle-mère proche de Fouquet, à qui appartenait le château situé à 30 kilomètres au sud-est de Montélimar dans le village du même nom. Sa famille ascendante est très liée à la ville de Montélimar. Le comte de Grignan (François Adhémar de Monteil de Grignan)
42%
Affluent du précédent dont l'ancien lit rejoint le fleuve précédent à Montélimar. Désormais, il conflue avec le canal de dérivation de Montélimar. Le Roubion
42%
Roi qui intégra Montélimar à la France en 1447. Louis XI
42%
Auteur-compositeur interprète qui composa la chanson "Montélimar", sortie en 1976. Cette œuvre critique violemment certains automobilistes qui, venus du nord, seraient nombreux à abandonner leur animal de compagnie dans la région de Montélimar durant les mois d'été. Georges Brassens
26%
Cinéaste de la "Nouvelle Vague" qui en 1998, réalisa "Conte d'automne" à Montélimar et dans les environs, avec Marie Rivière. Le dernier film de son cycle : "Contes des quatre saisons" Éric Rohmer
16%
Acteur principal du film "Le Printemps, l'Automne et l'Amour" de Gilles Grangier, sorti en 1954. Le film a été essentiellement tourné à Montélimar avec en toile de fond la spécialité culinaire de la ville (réponse #5). Fernandel
16%
Vin I.G.P. (Indication géographique protégée) élaboré entre Montélimar, Dieulefit et Marsanne : le ______-de-Montélimar. Coteaux
11%
Aucun quiz correspondant
Distribution des résultats
% des personnes avec chaque résultat
Percentile par nombre de réponses
Votre historique - résultats
Vous n’avez pas pris ce quiz